Human Rights And Security : Europe On The Eve Of A New Era
| Main Author: | |
|---|---|
| Format: | Book |
| Language: | English |
| Published: |
[ ] :
Westview Press ,
1991
|
| Subjects: |
MARC
| LEADER | 00000cam a2200000 7i4500 | ||
|---|---|---|---|
| 001 | 0000099075 | ||
| 005 | 20121019.0 | ||
| 008 | 100526 eng | ||
| 020 | |a 0813380820 | ||
| 090 | 0 | 0 | |a 341.481 HUM |
| 100 | 1 | |a Mastny, Vojtech | |
| 245 | 1 | 0 | |a Human Rights And Security : |b Europe On The Eve Of A New Era |c Vojtech Mastny |
| 260 | |a [ ] : |b Westview Press , |c 1991 | ||
| 300 | |a viii ; |c 24cm. | ||
| 650 | 0 | 0 | |a Reading |
| 999 | |a 20351 |b Buku |c Rujukan |e Perpustakaan Cawangan Masjid Tanah | ||